| Tag |
First Indicator |
Second Indicator |
Subfields |
| LEADER |
00000cam a2200000 4500 |
| 001 |
in00000033605 |
| 005 |
20151007061907.0 |
| 008 |
750728s1954 nyua 00000ceng u |
| 010 |
|
|
|a 54010347
|
| 035 |
|
|
|a (OCoLC)01483294
|
| 035 |
|
|
|9 AAD3391AM
|
| 040 |
|
|
|c JPL
|d TXA
|d UtOrBLW
|
| 049 |
|
|
|a TXAM
|c [242321]
|
| 050 |
0 |
0 |
|a GV865
|b .A1554
|
| 082 |
0 |
|
|a 927.96357
|
| 092 |
|
|
|a 796.357
|b S649b
|
| 100 |
1 |
|
|a Smith, Ira Lepounce,
|d 1895-
|
| 245 |
1 |
0 |
|a Baseball's famous outfielders /
|c illustrated by Leo Hershfield.
|
| 264 |
|
1 |
|a New York :
|b Barnes,
|c [1954]
|
| 264 |
|
4 |
|c [©1954]
|
| 300 |
|
|
|a 312 pages :
|b illustrations ;
|c 20 cm.
|
| 336 |
|
|
|a text
|b txt
|2 rdacontent
|
| 337 |
|
|
|a unmediated
|b n
|2 rdamedia
|
| 338 |
|
|
|a volume
|b nc
|2 rdacarrier
|
| 490 |
0 |
|
|a Baseball's famous players library
|
| 650 |
|
0 |
|a Baseball
|v Biography.
|
| 999 |
|
|
|a MARS
|
| 999 |
f |
f |
|s 2084dd58-a859-305c-a56e-05035bee06f0
|i aa7776a7-a26c-3bbe-b880-66b7d8e92ec8
|t 0
|
| 952 |
f |
f |
|p ric
|a Texas A&M University
|b Rellis Campus
|c Joint Library Facility
|d Remote Storage
|t 0
|e GV865 .A1554
|h Library of Congress classification
|i unmediated -- volume
|m A14801185541
|
| 998 |
f |
f |
|a GV865 .A1554
|t 0
|l Remote Storage
|